| 000 | 01175cam a2200337 a 4500 | ||
|---|---|---|---|
| 001 | 3065946 | ||
| 003 | ARRUPE | ||
| 005 | 20140205125759.0 | ||
| 008 | 960328s1996 enkc b 001 0 eng d | ||
| 010 | _a 96223097 | ||
| 015 | _aGB96-23254 | ||
| 020 | _a1857284712 | ||
| 020 | _a1857284720 (pbk.) | ||
| 035 | _a(OCoLC)34480977 | ||
| 040 |
_aUkCoU _cUkCoU _dIDeKN _dUk _dDLC |
||
| 042 | _alccopycat | ||
| 050 | 0 | 0 |
_aJF801 _b.C5737 1996 |
| 082 | 0 | 0 |
_a305.5 _221 |
| 245 | 0 | 0 |
_aCitizenship today : _bthe contemporary relevance of T.H. Marshall / _cedited by Martin Bulmer, Anthony M. Rees. |
| 260 |
_aLondon ; _aBristol, Pa. : _bUCL Press, _c1996. |
||
| 300 |
_axx, 306 p. : _bport. ; _c23 cm. |
||
| 504 | _aIncludes bibliographical references (p. 285-297) and index. | ||
| 600 | 1 | 0 |
_aMarshall, T. H. _q(Thomas Humphrey) _97994 |
| 650 | 0 |
_aCitizenship. _97995 |
|
| 650 | 0 |
_aSocial classes. _97996 |
|
| 700 | 1 |
_aBulmer, Martin. _97997 |
|
| 700 | 1 |
_aRees, Anthony M. _97998 |
|
| 906 |
_a7 _bcbc _ccopycat _d2 _encip _f19 _gy-gencatlg |
||
| 942 |
_2lcc _cMONOGRAPH |
||
| 999 |
_c119951 _d119951 |
||